000 00402nam a22001697a 4500
003 MPLRDC
005 20220104124730.0
008 210129b ||||| |||| 00| 0 eng d
020 _a7-5032-0517-2
082 _a992.7 HS
100 _a华声、杨义著
245 _a旅游与天文
_c
260 _a
_b中国旅游出版社
_c
300 _b
650 _a旅行各论
942 _cBK
_o992.7 HS
999 _c21709
_d21699